News Paper Organization and Management (Record no. 3995)

MARC details
000 -LEADER
fixed length control field 00392nam a22001577a 4500
005 - DATE AND TIME OF LATEST TRANSACTION
control field 20160625120052.0
008 - FIXED-LENGTH DATA ELEMENTS--GENERAL INFORMATION
fixed length control field 160625b xxu||||| |||| 00| 0 eng d
041 ## - LANGUAGE CODE
Language code of text/sound track or separate title eng
082 ## - DEWEY DECIMAL CLASSIFICATION NUMBER
Item number 10178
100 ## - MAIN ENTRY--AUTHOR NAME
Personal name Williams, Harbert Lee
245 ## - TITLE STATEMENT
Title News Paper Organization and Management
260 ## - PUBLICATION, DISTRIBUTION, ETC. (IMPRINT)
Name of publisher Surjeet Publication
300 ## - PHYSICAL DESCRIPTION
Number of Pages 485
650 ## - SUBJECT ADDED ENTRY--TOPICAL TERM
Topical Term Mass Communication
942 ## - ADDED ENTRY ELEMENTS (KOHA)
Koha item type Books
Holdings
Lost status Damaged status Home library Current library Shelving location Date acquired Cost, normal purchase price Full call number Accession Number Koha item type
    JRU Library   SHELF-32-G 25/06/2016 195.00 10178 10178 Books
    JRU Library   SHELF-31-I 25/06/2016 195.00 10178 10179 Books
    JRU Library   SHELF-32-G 25/06/2016 195.00 10178 10180 Books
    JRU Library   SHELF-31-I 25/06/2016 195.00 10178 10181 Books
    JRU Library   SHELF-32-G 25/06/2016 195.00 10178 10182 Books